00594nam a2200181 a 450000100100000000500170001000800410002702000150006804000250008308200200010810000280012824500710015626000360022730000280026350000700029165000240036165000270038500001249720240412074233.0091113s2006 dr a 001 j spa d z9945160206 aDO-SdBNPbspacBNPHU aRD863.44bG934j1 aGuerrero, Celio,d1951-13aEl juez que se volvió loco ...y otros cuentos /cCelio Guerrero. aSanto Domingo :bBúho,c2006. a140 p. :bil. ;c22 cm. aIncluye datos biográficos del autor en la solapa de la cubierta 0aCuentos dominicanos 0aLiteratura dominicana.